| 000 | 00603nam a2200169Ia 4500 | ||
|---|---|---|---|
| 008 | 090201s9999 xx 000 0 und d | ||
| 010 | _aKPL-62560 | ||
| 040 | _bमराठी | ||
| 041 | _aमराठी | ||
| 082 |
_a20736 _b62560 |
||
| 100 | _aराजेंद्र बर्वे | ||
| 245 |
_aमानसिक ताणतणाव कसा रोखाल ? _cराजेंद्र बर्वे |
||
| 260 |
_c2004 _bमनोविकास |
||
| 300 |
_a123 _bमोठा |
||
| 600 | _aमानसिक ताणतणाव कसा रोखाल ? | ||
| 942 | _cBOOK | ||
| 999 |
_c220499 _d220499 |
||